Southville International School and Colleges
Your cart is empty.
  • Cart
  • Lists
    Public lists Eva Luna New books Lux_list list_1
    Your lists Log in to create your own lists
  • Log in to your account
  • Your cookies
  • Search history
Southville International School and Colleges
  • Advanced search
  • Recent comments
  • Most popular
  • Libraries

Log in to your account

Log in with GOOGLE


If you do not have an external account, but do have a local account, you can still log in:

  1. Home
  2. MARC view: Thinking skills and heuristics workbook for primary levels :
Normal view MARC view ISBD view

Thinking skills and heuristics workbook for primary levels : (Record no. 295951)

[ view plain ]
MARC details
000 -LEADER
fixed length control field 00755nam a22001817a 4500
003 - CONTROL NUMBER IDENTIFIER
control field SISC
005 - DATE AND TIME OF LATEST TRANSACTION
control field 20160617171557.0
008 - FIXED-LENGTH DATA ELEMENTS--GENERAL INFORMATION
fixed length control field 160616b xxu||||| |||| 00| 0 eng d
020 ## - INTERNATIONAL STANDARD BOOK NUMBER
International Standard Book Number 97898144347952
050 ## - LIBRARY OF CONGRESS CALL NUMBER
Classification number QA 43 L583 2011
245 ## - TITLE STATEMENT
Title Thinking skills and heuristics workbook for primary levels :
Remainder of title level 6 /
Statement of responsibility, etc S. Leong.
250 ## - EDITION STATEMENT
Edition statement 1st ed.
260 ## - PUBLICATION, DISTRIBUTION, ETC. (IMPRINT)
Place of publication, distribution, etc Singapore :
Name of publisher, distributor, etc Singapore Asia Publishers,
Date of publication, distribution, etc 2011.
300 ## - PHYSICAL DESCRIPTION
Extent 64 p. :
Other physical details ill. ;
Dimensions 26 cm.
520 ## - SUMMARY, ETC.
Summary, etc The Thinking Skills and Heuristics series focuses on the underlying processes and strategies essential to problem solving. Each book introduces various skills sets and builds upon them as level increases.
650 ## - SUBJECT ADDED ENTRY--TOPICAL TERM
Topical term or geographic name as entry element Mathematics--Problems, exercises, etc.
942 ## - ADDED ENTRY ELEMENTS (KOHA)
Source of classification or shelving scheme Library of Congress Classification
Koha item type Books
Holdings
Withdrawn status Lost status Source of classification or shelving scheme Damaged status Home library Current library Shelving location Date acquired Source of acquisition Total Checkouts Full call number Barcode Date last seen Date checked out Price effective from Koha item type
    Library of Congress Classification   Luxembourg Library Luxembourg Library Teachers Reference Section 06/16/2016 Library Fund 1 QA 43 L583 2011 20198 10/03/2022 09/22/2022 06/16/2016 Books

Thinking skills and heuristics workbook for primary levels :

APA

(2011). Thinking skills and heuristics workbook for primary levels. Singapore: Singapore Asia Publishers.

Chicago

2011. Thinking skills and heuristics workbook for primary levels. Singapore: Singapore Asia Publishers.

Harvard

(2011). Thinking skills and heuristics workbook for primary levels. Singapore: Singapore Asia Publishers.

MLA

Thinking skills and heuristics workbook for primary levels. Singapore: Singapore Asia Publishers. 2011.

  • Place hold
  • Print
  • Cite
  • Add to your cart (remove)
  • Save record
    BIBTEX Dublin Core MARCXML MARC (non-Unicode/MARC-8) MARC (Unicode/UTF-8) MARC (Unicode/UTF-8, Standard) MODS (XML) RIS
  • More searches
    Search for this title in:
    Other Libraries (WorldCat) Other Databases (Google Scholar) Online Stores (Bookfinder.com) Open Library (openlibrary.org)

Exporting to Dublin Core...

SOUTHVILLE LIBRARY

Southville International School and Colleges Library

1281 Tropical Ave. Cor. Luxembourg St., BF Homes International, Las Pinas City

Tel. No. 8256374 / 252358 Loc. 117/146

Powered by Koha